| 000 | 01312pam a2200373 a 4500 | ||
|---|---|---|---|
| 999 |
_c41411 _d41411 |
||
| 001 | 14159719 | ||
| 003 | OSt | ||
| 005 | 20220106112205.0 | ||
| 008 | 051028s2005 nyua j 001 0 eng | ||
| 010 | _a 2005283784 | ||
| 020 | _a0756613868 (hardcover) | ||
| 020 | _a0756613957 (lib. bdg.) | ||
| 040 |
_aDLC _cDLC _dDLC |
||
| 050 | 0 | 0 |
_aHV6251 _b.L35 2005 |
| 082 | 0 | 0 |
_a364 _222 _bLAN/C |
| 100 | 1 |
_aLane, Brian _98973 |
|
| 245 | 1 | 0 |
_aCrime & detection / _cwritten by Brian Lane ; photographed by Andy Crawford. |
| 246 | 3 | _aCrime and detection | |
| 250 | _aRev. ed. | ||
| 260 |
_aNew York : _bDK Pub., _c2005. |
||
| 300 |
_a70 p. : _bill. (some col.) ; _c29 cm. |
||
| 490 | 1 | _aEyewitness | |
| 500 | _aIncludes index. | ||
| 520 | _aExplores the many different methods used to solves crimes, covering such topics as criminal, detectives, and forensics. | ||
| 650 | 0 |
_aCrime _xJuvenile literature. |
|
| 650 | 0 |
_aCriminal investigation _xJuvenile literature. |
|
| 650 | 1 | _aCrime. | |
| 650 | 1 | _aForensic sciences. | |
| 650 | 1 | _aCriminal investigation. | |
| 830 | 0 | _aDK eyewitness books. | |
| 906 |
_a7 _bcbc _corigcop _d2 _encip _f20 _gy-gencatlg |
||
| 942 |
_2ddc _cBK _h364 _iLAN/C _k364 _mLAN/C |
||